000 00880cam a2200265 4500
008 090401t1994 xxu||||| |||| 00| 0 eng d
020 _a0117529605
035 _a(Sirsi) u74181
041 _aeng
110 _aUnited Kingdom
_bDepartment of the Environment
_9982
245 _aCompulsory purchase orders: procedures.
260 _aLondon
_bHMSO
_c1994
300 _a53p. ; 25cm.
350 _a6.1
490 _aDoE Circular
_v14/94 20 September 1994
520 _aReplaces DoE Circular 6/85.
520 _aSuperseded by ODPM Circular 02/2003 "Compulsory purchase orders" (ISBN 0117536466).
650 _aACQUISITION OF LAND ACT 1981
650 _aCOMPULSORY PURCHASE OF LAND REGULATIONS 1994
650 _aCOMPULSORY PURCHASE ORDERS
650 _aCompulsory purchase
_96228
690 _aCOMPULSORY PURCHASE AND COMPENSATION
942 _n0
948 _c04/03/1997
999 _c95782
_d95782